Autorita a jej miesto vo výchovnom procese autorita sa nededí, ale buduje

Autorita vo výchovno-vzdelávacom procese a výrazná osobná preferencia. Faktory vymedzujúce hranice medzi autoritou a mocou. Proces vytvárania autority u vychovávateľa a vplyv autority na štýl výchovy. Interakcia medzi učiteľom a žiakom. Autorita ako významný sociálny činiteľ pôsobiaci v sociálnej in...

Celý popis

Uložené v:
Podrobná bibliografia
Hlavný autor: Pasternáková, Lenka
Médium: Kapitola
Jazyk:Slovak
Predmet:
Tagy: Pridať tag
Žiadne tagy, Buďte prvý, kto otaguje tento záznam!

MARC

LEADER 00000naa$a2200000$$$4500
001 0107786
005 20231127101820.8
041 0 |a slo 
044 |a SK 
245 1 0 |a Autorita a jej miesto vo výchovnom procese  |b autorita sa nededí, ale buduje  |c Lenka Pasternáková 
520 |a Autorita vo výchovno-vzdelávacom procese a výrazná osobná preferencia. Faktory vymedzujúce hranice medzi autoritou a mocou. Proces vytvárania autority u vychovávateľa a vplyv autority na štýl výchovy. Interakcia medzi učiteľom a žiakom. Autorita ako významný sociálny činiteľ pôsobiaci v sociálnej integrácii. 
610 2 0 |a autorita 
610 2 0 |a osobnosť 
610 2 0 |a preferencie 
610 2 0 |a integrácia sociálna 
610 2 0 |a kolektív 
610 2 0 |a výchova 
610 2 0 |a interakcia sociálna 
100 1 |a Pasternáková, Lenka